| 000 | 00387nam a2200157 a 4500 | ||
|---|---|---|---|
| 005 | 20140414132056.0 | ||
| 008 | 100520s19uu xx 00 eng d | ||
| 050 |
_aREF 910.722 _bM35 2000 |
||
| 100 | _aMatthews, Rupert | ||
| 245 | _aExplorer. | ||
| 260 |
_aMilwaukee, WI : _bGareth Stevens. |
||
| 440 | _aEyewitness books | ||
| 650 | _aExplorer | ||
| 999 |
_c114331 _d114331 |
||